00521nam a2200157Ia 4500008004100000041000800041082001200049100001700061245004500078250001400123260004900137300003100186365001100217999001700228952011800245240624s9999 xx 000 0 und d aeng a332 GHO aGHOSE GOURAB aIPCC GR II SOLVED SCANNER AUDITING AND A a(9th ed.) c2012aAllahabadbShuchita Prakashan (P) Ltd. axvi, : 424 : p. : cm. ; 23 cRSb10 c18383d18383 00104070aIMTNbIMTNcRack 9-Ad2012-03-20eSLHg265.00o332 GHOp18383r2024-06-24 00:00:00t1w2024-06-24yBK